Komentár k Zákonu o DPH
DPH v praxi po vstupe do EÚ. Dodanie tovaru a služby. Nadobudnutie tovaru v tuzemsku z iného členského štátu. Dovoz tovaru. Miesto dodania tovaru a služby. Miesto dodania prepravných a súvisiacich služieb vo vnútri európskych spoločenstiev a služieb sprostredkovania. Miesto nadobudnutia tovaru z iné...
Salvato in:
| Autore principale: | |
|---|---|
| Natura: | Capitolo di libro |
| Lingua: | slovacco |
| Soggetti: | |
| Tags: |
Nessun Tag, puoi essere il primo ad aggiungerne!!
|
MARC
| LEADER | 00000naa$a2200000$$$4500 | ||
|---|---|---|---|
| 001 | 0034711 | ||
| 005 | 20231106071500.9 | ||
| 041 | 0 | |a slo | |
| 044 | |a SK | ||
| 245 | 1 | 0 | |a Komentár k Zákonu o DPH |c Zuzana Ondreášová |
| 520 | |a DPH v praxi po vstupe do EÚ. Dodanie tovaru a služby. Nadobudnutie tovaru v tuzemsku z iného členského štátu. Dovoz tovaru. Miesto dodania tovaru a služby. Miesto dodania prepravných a súvisiacich služieb vo vnútri európskych spoločenstiev a služieb sprostredkovania. Miesto nadobudnutia tovaru z iného členského štátu. Príklady. Komentáre. | ||
| 610 | 2 | 0 | |a tovar |
| 610 | 2 | 0 | |a služby |
| 610 | 2 | 0 | |a dodávky |
| 610 | 2 | 0 | |a dovoz |
| 610 | 2 | 0 | |a dane z hodnoty pridanej |
| 610 | 2 | 0 | |a zákony |
| 610 | 2 | 0 | |a komentáre |
| 610 | 2 | 0 | |a Slovensko |
| 100 | 1 | |a Ondreášová, Zuzana | |